National Anthem of Tanzania - Statistics

General Stats
  • This quiz has been taken 7 times
  • The average score is 31 of 52
Answer Stats
1. verse % Correct
Tanzania
100%
Tanzania
100%
Tanzania
100%
Tanzania
100%
Tanzania
100%
Afrika
60%
Afrika
60%
Afrika
60%
Afrika
60%
Afrika
60%
Hizi
60%
ibariki
60%
Ibariki
60%
Ibariki
60%
Ibariki
60%
Ibariki
60%
Ibariki
60%
Ibariki
60%
kwa
60%
Mungu
60%
Mungu
60%
Mungu
60%
na
60%
na
60%
na
60%
na
60%
na
60%
ni
60%
Tubariki
60%
Tubariki
60%
Umoja
60%
Umoja
60%
wa
60%
wa
60%
wake
60%
wake
60%
Wake
60%
wake
60%
watoto
60%
Watoto
60%
watoto
60%
watu
60%
watu
60%
Amani
40%
Hekima
40%
ngao
40%
uhuru
40%
Viongozi
40%
Wabariki
40%
zetu
40%
Dumisha
20%
Waume
20%
No matching quizzes found
Score Distribution
Percent of People with Each Score
Percentile by Number Answered
Your Score History
You have not taken this quiz